Normal view MARC view

Entry Topical Term

Number of records used in: 1

001 - CONTROL NUMBER

  • control field: 48649

003 - CONTROL NUMBER IDENTIFIER

  • control field: OSt

005 - DATE AND TIME OF LATEST TRANSACTION

  • control field: 20241112151540.0

008 - FIXED-LENGTH DATA ELEMENTS

  • fixed length control field: 241112|| aca||aabn | a|a d

040 ## - CATALOGING SOURCE

  • Original cataloging agency: OSt
  • Transcribing agency: OSt

150 ## - HEADING--TOPICAL TERM

  • Topical term or geographic name entry element: Urban regime, Regime theory, Regime analysis, Local government, Urban governance.

670 ## - SOURCE DATA FOUND

  • Source citation: Work cat.: (OSt): Ostaaijen, Julien Van 48648, Using the urban regime framework to study processes of urban governance: Agendas, coalitions, resources, and schemes of cooperation

Powered by Koha